000 00623aab a2200193 4500
001 768714001
003 CO-MdFUSB
005 20240612125937.0
008 170512s1996 cr ||||| |||| 00| 0 spa d
022 _a1409-1968
040 _aCO-MdFUSB
_bspa
_cCO-MdFUSB
_dCO-MdFUSB
041 _aspa
100 1 _aWittig, Randall M.
_eautor
245 1 3 _aLa carnada :
_bnuestro mensaje para ganar hombres
_c/ Randall M. Wittig
300 _aVolumen 13. Número 4 (1996), página 12
_c: 27 cm.
773 0 _tApuntes Pastorales
_049442
_977113
_gVolumen 13. Número 4 (1996), página 12
_qPágina 12
942 _cANA
945 _aJTF-925
999 _c55507
_d55507